000
00308 a2200145 4500
001
60076
020
_a
8589155455
040
_c
Anchieta - Pituba
100
_a
Guimarães, Bernardo
240
1
0
_a
O garimpeiro
_l
por
245
1
0
_a
O garimpeiro
300
_a
80
650
4
_a
Ficção brasileira
942
_c
BK
999
_c
60076
_d
60076